00454nam a2200145Ia 4500008004100000020001800041041000800059082001700067100002100084245013100105250000600236260004500242300001200287650000900299210716s2002 xx 000 0 und d a9780195671124 aeng a658.406 SIKS aSikdar, Soumyen. aContemporary issues in globalization: introduction to theory and policy in India.bIntroduction to theory and policy in India. a1 aNew DelhibOxford University Pressc2002 axix,201 aNone